00775nam a22002537a 450000500170000001000130001702000220003003500130005203700160006504000120008108200190009310000230011224500490013524600060018425000160019026000420020627000390024830000200028765000140030765000250032194200280034699900190037495201280039320170124105959.0 aB-006371 c70.00a8170147093 aB-006371 bCen Lib/Ret aDPLbEN a346.54066bKAP aKapoor, G.K988879 aCorporate and other laws /cby G.K. Kapoor  b  a4th rev ed. bPremier Book Compnayc2000aNew Delhi bNew Delhia23, Dariyaganj e110002 a325p.c20cm(Hb) aLaw 9104 aCorporate law988880 2ddccENh346.54066mKAP c125724d125724 00104070aLbLd2015-06-23eCen Lib/Retg70.00l0o346.54066 KAPpB-006371r2015-06-23 00:00:00t1v70.00w2015-06-23yEN